Acerca de las especies colombianas del género Ptychoglossus (<Sauria: Gymnphtalmidae>) con la descripción de una nueva especie (Registro nro. 15205)
[ vista simple ]
| 000 -CABECERA | |
|---|---|
| Campo de control | 004040000a22001090004500 |
| 090 ## - CLASIFICACIÓN LOCAL | |
| Colección | AS |
| Consecutivo | Seriadas |
| 041 0# - IDIOMA | |
| Código de idioma para texto/pista de sonido o título separado | |
| 100 1# - ASIENTO PRINCIPAL--NOMBRE PERSONAL | |
| Nombre personal | Rueda Almonacid, José Vicente |
| 245 10 - MENCION DE TITULO | |
| Título | Acerca de las especies colombianas del género Ptychoglossus (<Sauria: Gymnphtalmidae>) con la descripción de una nueva especie |
| 773 1# - Item fuente: | |
| Título | Lozania: Acta Zoológica Colombiana |
| Especificación de materiales | 375 |
| Descripción física | 51 |
| Paginas del Articulo | 1-12 |
| Lugar, editorial y fecha de publicación | 1985 |
| 942 ## - ELEMENTOS ADICIONALES (KOHA) | |
| Tipo de ítem | Artículo |
No hay ítems disponibles.